LANGUAGE AND COGNITION IN SCHIZOPHRENIA (Record no. 15445)

MARC details
000 -LEADER
fixed length control field 00321nam a22001337a 4500
003 - CONTROL NUMBER IDENTIFIER
control field SGT
020 ## - INTERNATIONAL STANDARD BOOK NUMBER
International Standard Book Number 978-1-84872-242-2
082 ## - DEWEY DECIMAL CLASSIFICATION NUMBER
Classification number 616.855
Item number L14S
100 ## - MAIN ENTRY--PERSONAL NAME
Personal name SCHWARTZ, STEVEN
245 ## - TITLE STATEMENT
Title LANGUAGE AND COGNITION IN SCHIZOPHRENIA
260 ## - PUBLICATION, DISTRIBUTION, ETC. (IMPRINT)
Place of publication, distribution, etc NEW YORK
Name of publisher, distributor, etc PSYCHOLOGY PRESS
Year of Publication 2014
300 ## - PAGE DESCRIPTION
No. of Pages 288
942 ## - ADDED ENTRY ELEMENTS (KOHA)
Source of classification or shelving scheme Dewey Decimal Classification
Koha item type Books
Holdings
Withdrawn status Lost status Source of classification or shelving scheme Damaged status Not for loan Collection code Home library Current library Shelving location Date acquired Vendor Name SGTU Bill Number Total Checkouts Full call number Accession No. (Barcode) Date last seen Bill Date Koha item type
    Dewey Decimal Classification   Not For Loan MEDICAL SGT Medical Library SGT Medical Library Reference Book 10/04/2018 ABC SGTU 9529   616.855 L14S FM10582 10/04/2018 26/03/2018 Books